| 000 | 00663nam a22002057a 4500 | ||
|---|---|---|---|
| 005 | 20171101141547.0 | ||
| 008 | 100309t xxu||||| |||| 00| 0 eng d | ||
| 010 | _aENG-95867 | ||
| 020 |
_a9788184551433 _c750.00 |
||
| 035 | _aEN-79400 | ||
| 037 | _bDBAD/PUB | ||
| 040 | _aDPL | ||
| 082 | _a320.954 | ||
| 100 | _aSingh, Narendra | ||
| 245 |
_aIndian political system/ _cby Narendra Singh |
||
| 260 |
_aNew Delhi _bOmega Publications _c2009 |
||
| 270 |
_a4378/4B, G4, JMD House, Murari Lal Street, Ansari Road, Daryaganj _bNew Delhi _e110002 |
||
| 300 |
_a312p : _c23 cm. (Hb) _eBibliography page 310-312 |
||
| 942 |
_2ddc _cEN _mSIN _h320.954 |
||
| 999 |
_c34511 _d34511 |
||